Zgadnij tajemnicze państwa po podpowiedziach - Statystyki

Ogólne statystyki
  • Ten quiz został rozwiązany 37 razy
  • Średni wynik to 3 z 5
Statystyki odpowiedzi
Numer Pytanie Odpowiedź % Poprawnych
2. Jest pierwszym państwem Alfabetycznie Afganistan
89%
3. To największe państwo które ma ruch lewostronny Australia
80%
4. Jest najbiedniejszym państwem w europie Kosowo
69%
5. W tym panstwie jest najwiecej razy sprzedajaca sie marka w 2024 Japonia
26%
1. Jest najmniejszym państwem w Ameryce Południowej Saint Kitts i Nevis
14%
Nie znaleziono quizów pasujących do podanych kryteriów
Rozkład punktacji
Procent ludzi z każdym wynikiem
Percentyl według liczby udzielonych odpowiedzi
Twoja historia wyników
Nie rozwiązałeś tego quizu